| 000 | 01145nam0a22003131 4500 | ||
|---|---|---|---|
| 001 | RU\INFOCOMM_322\NLR\5000100774 | ||
| 005 | 20250613103243.0 | ||
| 035 | _a(NLR Aleph) 009462131 | ||
| 090 |
_a8473537 _c8473537 |
||
| 100 | _a20121211d1976 |||y0rusy50 ca | ||
| 101 | 1 |
_aeng _crus |
|
| 102 | _aRU | ||
| 105 | _ay z ||||| | ||
| 200 | 1 |
_aNonlinear oscillations in radio engineering _fM. Kontorovich _gTransl. from the Russ. by A. Petrosyan |
|
| 205 | _a[Rev. from the 1973 Russ. ed.] | ||
| 210 |
_aM. _c"Mir" _d1976 |
||
| 215 |
_a328 с. _cил. _d21 см |
||
| 300 | _aДоп. тит. л. на рус. яз.: М. И. Конторович. Нелинейные колебания в радиотехнике | ||
| 320 | _aБиблиогр.: с. 320-321 | ||
| 513 | 1 |
_aНелинейные колебания в радиотехнике _zrus |
|
| 620 | _aМосква | ||
| 686 |
_aТ8-34(З841-01) _2rubbk |
||
| 700 | 1 |
_9z01790 _aKontorovič _bM. I. _gMichail Iosifovič |
|
| 790 | 1 |
_9z01700 _aKontorovich _bM. _4070 |
|
| 801 | 1 |
_aRU _bNLR _c20121211 |
|
| 801 | 0 |
_aRU _bINFOCOMM _gPSBO |
|
| 852 |
_aNLR _jТ95 Д-3/134 |
||
| 942 | _cBOOK | ||
| 980 | _aNB | ||